000 00817nam a2200229Ia 4500
003 GCL
008 140319s9999 xx 000 0 ara d
020 _a8236009957
040 _aGCL /
_cGCL
082 0 4 _a375
_bس م
100 1 _aسهيلة محسن كاظم الفتلاوى
245 1 0 _aالمنهاج التعليمى والتوجه الايدلوجى :
_bالنظرية والتطبيق /
_cسهيلة محسن كاظم الفتلاوى
700 1 _aاحمد هلالى
250 _aالاولى
260 _aالاردن :
_bدار الشروق للنشر والتوزيع ،
_c2006
300 _a391 ص ؛
_c24 سم
650 0 4 _aالمناهج
650 0 4 _aالتعليم - مناهج
650 0 4 _aالتعليم والدولة
650 0 4 _aالمناهج - تقييم
942 _2ddc
_cBK
999 _c10137
_d10137